El problema de la soberanía
Uloženo v:
| Hlavní autor: | |
|---|---|
| Médium: | Kniha |
| Jazyk: | španělština |
| Vydáno: |
Buenos Aires
Siglo Veinte
1947
|
| Edice: | Colección Economía y Política Social
|
| Témata: | |
| Tagy: |
Přidat tag
Žádné tagy, Buďte první, kdo vytvoří štítek k tomuto záznamu!
|
MARC
| LEADER | 00000nam a2200000 a 4500 | ||
|---|---|---|---|
| 001 | UCW9096 | ||
| 003 | CL-VaPUC | ||
| 008 | 881130e19470000AG |||||||||||||||||spa|d | ||
| 082 | 0 | 4 | |a 320.15 |b LAS |2 21 |
| 100 | |a Laski, Harold J |e author |9 437794 | ||
| 245 | 1 | 3 | |a El problema de la soberanía |
| 300 | |a 207 p | ||
| 942 | |c BK | ||
| 945 | |d 19881130 00:00:00 | ||
| 260 | |a Buenos Aires |b Siglo Veinte |c 1947 | ||
| 650 | 0 | |a Soberanía |9 266726 | |
| 583 | |a last modification |c 19881130 00:00:00 |k Rodrigo Vera | ||
| 490 | 0 | |a Colección Economía y Política Social | |
| 999 | |c 221146 |d 221144 | ||
| 952 | |0 0 |1 0 |4 0 |6 320_150000000000000_LAS_1947 |7 0 |8 X |9 214167 |a BIBHIS |b BIBHIS |d 2019-11-15 |i 2827905 |o 320.15 LAS 1947 |p 2827905 |r 2024-01-30 |w 2019-11-15 |y BK_X |k HIS | ||